[Event "Niedersachsen-ch Seniors op 13th"]
[Site "Bad Bevensen"]
[Date "2010.07.13"]
[Round "8"]
[White "Kudoke, Willy"]
[Black "Boehm, Karl1111"]
[Result "1/2-1/2"]
[WhiteElo "1698"]
[BlackElo "1610"]
[PlyCount "36"]
[EventDate "2010.07.06"]
[EventType "swiss"]
[EventRounds "9"]
[EventCountry "GER"]
[SourceTitle "EXT 2012"]
[Source "ChessBase"]
[SourceDate "2011.11.24"]
[SourceVersion "1"]
[SourceVersionDate "2011.11.24"]
[SourceQuality "1"]

1. c4 Nf6 2. Nc3 e6 3. g3 d5 4. cxd5 exd5 5. Bg2 c6 6. Nf3 Be7 7. 0-0 0-0 8. d4 h6 9. a3 Bf5 10. Qb3 Qc8 11. Ne5 Nbd7 12. f4 Ne8 13. Be3 f6 14. Nxd7 Qxd7 15. Bf3 Kh8 16. Rad1 Nd6 17. Rfe1 Rfe8 18. h4 Rad8 1/2-1/2

[Event "Bad Bevensen Seniors op 12th"]
[Site "Bad Bevensen"]
[Date "2009.07.07"]
[Round "1"]
[White "Dornieden, Manfred"]
[Black "Kudoke, Willy"]
[Result "1-0"]
[WhiteElo "2175"]
[BlackElo "1715"]
[PlyCount "55"]
[EventDate "2009.07.07"]
[EventType "swiss"]
[EventRounds "9"]
[EventCountry "GER"]
[SourceTitle "EXT 2022"]
[Source "ChessBase"]
[SourceDate "2021.10.06"]
[SourceVersion "1"]
[SourceVersionDate "2021.10.06"]
[SourceQuality "1"]

1. c4 c5 2. g3 Nc6 3. Bg2 g6 4. Nf3 Bg7 5. 0-0 Nf6 6. d4 cxd4 7. Nxd4 0-0 8. Nc3 Ne5 9. b3 d6 10. Bb2 a6 11. h3 Rb8 12. f4 Ned7 13. Kh2 Nc5 14. e4 Ne6 15. Nxe6 fxe6 16. e5 dxe5 17. fxe5 Nd7 18. Rxf8+ Qxf8 19. Qe2 Bxe5 20. Rd1 Qg7 21. Na4 Bxb2 22. Nxb2 Nf8 23. Rd8 b5 24. cxb5 axb5 25. Nd3 e5 26. Qxe5 Qxe5 27. Nxe5 e6 28. Nc6 1-0

[Event "Niedersachsen-ch Seniors op 10th"]
[Site "Bad Bevensen"]
[Date "2007.07.05"]
[Round "3"]
[White "Kudoke, Willy"]
[Black "Boehm, Siegfried"]
[Result "1/2-1/2"]
[WhiteElo "1805"]
[BlackElo "1935"]
[PlyCount "79"]
[EventDate "2007.07.03"]
[EventType "swiss"]
[EventRounds "9"]
[EventCountry "GER"]
[SourceTitle "EXT 2022"]
[Source "ChessBase"]
[SourceDate "2021.10.06"]
[SourceVersion "1"]
[SourceVersionDate "2021.10.06"]
[SourceQuality "1"]

1. c4 f5 2. Nc3 Nf6 3. g3 e6 4. Bg2 d5 5. cxd5 exd5 6. d4 c6 7. Nf3 Bd6 8. 0-0 0-0 9. Bg5 Nbd7 10. Qc2 h6 11. Bxf6 Nxf6 12. e3 Be6 13. a3 Qd7 14. Rac1 g5 15. Na4 Rae8 16. b4 Qg7 17. Nc5 Bc8 18. Nd3 f4 19. Nfe5 Bf5 20. exf4 gxf4 21. Qd2 Bxd3 22. Nxd3 Ne4 23. Qd1 Qxd4 24. Nc5 Bxc5 25. bxc5 Qxd1 26. Rfxd1 fxg3 27. fxg3 Ng5 28. Rc3 Re7 29. h4 Ne4 30. Re3 Rfe8 31. Rde1 Kf7 32. Bxe4 Rxe4 33. Rxe4 Rxe4 34. Rxe4 dxe4 35. Kf2 Ke6 36. Ke3 Ke5 37. g4 b6 38. cxb6 axb6 39. a4 c5 40. g5 1/2-1/2

[Event "Niedersachsen-ch Seniors op 09th"]
[Site "Bad Bevensen"]
[Date "2006.06.27"]
[Round "4"]
[White "Davydov, Mihail"]
[Black "Kudoke, Willy"]
[Result "1/2-1/2"]
[WhiteElo "1894"]
[BlackElo "1816"]
[PlyCount "64"]
[EventDate "2006.06.24"]
[EventType "swiss"]
[EventRounds "9"]
[EventCountry "GER"]
[SourceTitle "EXT 2022"]
[Source "ChessBase"]
[SourceDate "2021.10.06"]
[SourceVersion "1"]
[SourceVersionDate "2021.10.06"]
[SourceQuality "1"]

1. e4 c5 2. Nf3 Nc6 3. d4 cxd4 4. Nxd4 Nf6 5. Nc3 g6 6. Be3 Bg7 7. f3 0-0 8. Bc4 d6 9. Qd2 Bd7 10. h4 h5 11. 0-0-0 a6 12. Nd5 b5 13. Nxf6+ Bxf6 14. Bd5 Rc8 15. Kb1 Na5 16. Bg5 Nc4 17. Bxc4 Rxc4 18. Bxf6 exf6 19. Rhe1 Re8 20. Re3 Qc7 21. Ra3 Bc8 22. Rd3 Rd8 23. Ne2 Be6 24. Nf4 Rc6 25. Nd5 Bxd5 26. Rxd5 Kg7 27. a3 Rc5 28. c3 Rxd5 29. Qxd5 Qb6 30. Qd4 Qxd4 31. Rxd4 Kf8 32. Kc2 Ke7 1/2-1/2

[Event "Wch Seniors 13th"]
[Site "Bad Zwischenahn"]
[Date "2003.??.??"]
[Round "?"]
[White "Mueller, Helmut2222"]
[Black "Kudoke, Willy"]
[Result "0-1"]
[WhiteElo "1690"]
[BlackElo "1845"]
[PlyCount "38"]
[EventDate "2003.11.16"]
[EventType "swiss"]
[EventRounds "11"]
[EventCountry "GER"]
[SourceTitle "CBM 097 Extra"]
[Source "ChessBase"]
[SourceDate "2004.01.13"]
[SourceVersion "1"]
[SourceVersionDate "2004.01.13"]
[SourceQuality "1"]

1. e4 c5 2. f4 Nc6 3. Nf3 d6 4. Nc3 g6 5. Bc4 Bg7 6. d3 e6 7. 0-0 Nge7 8. a3 0-0 9. Be3 d5 10. exd5 exd5 11. Nxd5 Nxd5 12. Bxc5 Re8 13. c3 Nxf4 14. Ng5 Qxg5 15. Qf3 Bh6 16. Bd6 Ne5 17. Bxe5 Rxe5 18. d4 Re3 19. Bxf7+ Kg7 0-1

[Event "GER-chT Seniors 10th"]
[Site "Rheda Wiedenbrueck"]
[Date "2001.08.14"]
[Round "3.4"]
[White "Kudoke, Willy"]
[Black "Raitza, Egon"]
[Result "1-0"]
[WhiteElo "2001"]
[BlackElo "1792"]
[PlyCount "117"]
[EventDate "2001.08.12"]
[EventType "team"]
[EventRounds "7"]
[EventCountry "GER"]
[SourceTitle "EXT 2002"]
[Source "ChessBase"]
[SourceDate "2001.11.25"]
[SourceVersion "1"]
[SourceVersionDate "2001.11.25"]
[SourceQuality "1"]
[WhiteTeam "Hamburg Seniors II"]
[BlackTeam "Mecklenburg Vorpommern Seniors"]
[WhiteTeamCountry "GER"]
[BlackTeamCountry "GER"]

1. c4 e5 2. Nc3 f5 3. d3 Nf6 4. Bg5 Be7 5. Nf3 d6 6. Bxf6 Bxf6 7. Qc2 c6 8. g3 0-0 9. Bg2 Be6 10. 0-0 d5 11. b3 Nd7 12. Rad1 d4 13. Nb1 Qe7 14. e3 c5 15. exd4 cxd4 16. Rde1 Rae8 17. Nxd4 exd4 18. Rxe6 Qd8 19. Rxe8 Rxe8 20. Bxb7 Nc5 21. Bd5+ Kh8 22. b4 Na6 23. a3 Nc7 24. Bf3 Re5 25. Nd2 Ne6 26. Qd1 Ng5 27. Bg2 Qe8 28. Nf3 Re2 29. Nxg5 Bxg5 30. Bf3 Rd2 31. Qb3 f4 32. Rd1 fxg3 33. hxg3 Qe5 34. Rxd2 Bxd2 35. Qd1 Bg5 36. Qe2 Qxe2 37. Bxe2 Bc1 38. a4 Ba3 39. b5 Bb4 40. f4 Kg8 41. Kg2 Kf7 42. Kf3 Ke6 43. Ke4 Bc5 44. a5 Kd6 45. f5 h6 46. Bh5 Bb4 47. Kxd4 Bxa5 48. c5+ Kc7 49. Bf3 Be1 50. g4 Bf2+ 51. Kc4 Be3 52. d4 Bf2 53. d5 Be3 54. d6+ Kd8 55. Bc6 Bd2 56. Bb7 Be3 57. Kd5 Bf2 58. c6 Bb6 59. Ke6 1-0

[Event "Pinneberg op Seniors 02nd"]
[Site "Pinneberg"]
[Date "2001.07.27"]
[Round "4"]
[White "Ristic, Sreten"]
[Black "Kudoke, Willy"]
[Result "0-1"]
[WhiteElo "1776"]
[BlackElo "1820"]
[PlyCount "120"]
[EventDate "2001.06.07"]
[EventType "swiss"]
[EventRounds "5"]
[EventCountry "GER"]
[SourceTitle "EXT 2011"]
[Source "ChessBase"]
[SourceDate "2010.11.26"]
[SourceVersion "1"]
[SourceVersionDate "2010.11.26"]
[SourceQuality "1"]

1. c4 c5 2. Nf3 Nc6 3. g3 e5 4. d3 Nf6 5. Nc3 d6 6. h3 h6 7. Bg2 Bd7 8. e3 Rb8 9. a3 a5 10. 0-0 Be7 11. Re1 0-0 12. Rb1 Qc8 13. Kh2 Nd8 14. d4 Qc7 15. b3 Bc6 16. d5 Bd7 17. e4 Nh7 18. Bd2 f5 19. exf5 Bxf5 20. Nb5 Qd7 21. Rb2 b6 22. Ng1 Nf7 23. f4 Bf6 24. Ra2 exf4 25. gxf4 Rfe8 26. b4 axb4 27. axb4 Ra8 28. Rxa8 Rxa8 29. Qb3 g5 30. bxc5 bxc5 31. Ne2 Re8 32. Qg3 Kf8 33. Bf3 gxf4 34. Bxf4 Nhg5 35. Bh5 Ne4 36. Qg2 Bg5 37. Ra1 Qd8 38. Bxf7 Kxf7 39. Qf3 Qf6 40. Rg1 Bg6 41. Rf1 Kg7 42. Qg2 Bxf4+ 43. Nxf4 Kh7 44. Nxg6 Qxg6 45. Rf4 Qg5 46. Rf7+ Kg6 47. Rd7 Kf6 48. Qf1+ Ke5 49. Rf7 Ra8 50. Qg2 Qxg2+ 51. Kxg2 Ra2+ 52. Kg1 Rc2 53. Re7+ Kf5 54. Rf7+ Kg5 55. Rd7 Rxc4 56. Nxd6 Rc1+ 57. Kg2 Nf6 58. Rd8 Nxd5 59. Nc4 Nf4+ 60. Kg3 Ne6 0-1

[Event "Pinneberg op Seniors 02nd"]
[Site "Pinneberg"]
[Date "2001.07.05"]
[Round "5"]
[White "Van Riesen, Klaus"]
[Black "Kudoke, Willy"]
[Result "1-0"]
[WhiteElo "2128"]
[BlackElo "1820"]
[PlyCount "93"]
[EventDate "2001.06.07"]
[EventType "swiss"]
[EventRounds "5"]
[EventCountry "GER"]
[SourceTitle "EXT 2011"]
[Source "ChessBase"]
[SourceDate "2010.11.26"]
[SourceVersion "1"]
[SourceVersionDate "2010.11.26"]
[SourceQuality "1"]

1. Nf3 c5 2. e3 Nc6 3. d4 cxd4 4. exd4 d5 5. Bd3 e6 6. c3 a6 7. 0-0 Nf6 8. Re1 Be7 9. Bf4 h6 10. Ne5 Nd7 11. Nd2 Ndxe5 12. dxe5 Bg5 13. Bg3 Bh4 14. Nf3 Bxg3 15. hxg3 Bd7 16. Qe2 Rc8 17. Qe3 Qc7 18. Qf4 f5 19. Qh4 0-0 20. g4 fxg4 21. Qxg4 Ne7 22. Nd4 Nf5 23. Qg6 Ne7 24. Qh5 Rf7 25. Re2 Rcf8 26. Rae1 Qb6 27. Qh4 Qc5 28. Qh3 Qb6 29. Bb1 Rf4 30. Qe3 g5 31. Nf5 Qxe3 32. Nxe7+ Kf7 33. fxe3 Rc4 34. Ng6 Rg8 35. Rf2+ Ke8 36. Ref1 Kd8 37. Rf8+ Rxf8 38. Rxf8+ Be8 39. Rh8 b5 40. Bd3 Rc7 41. Rxh6 b4 42. cxb4 Rc1+ 43. Kh2 Rd1 44. Bxa6 d4 45. exd4 Rxd4 46. Rh8 Rxb4 47. a4 1-0

[Event "GER-chT Seniors 09th"]
[Site "Halle"]
[Date "2000.08.26"]
[Round "7.3"]
[White "Kuehn, Peter1111"]
[Black "Kudoke, Willy"]
[Result "1/2-1/2"]
[WhiteElo "1900"]
[BlackElo "1880"]
[PlyCount "93"]
[EventDate "2000.08.20"]
[EventType "team"]
[EventRounds "7"]
[EventCountry "GER"]
[SourceTitle "EXT 2002"]
[Source "ChessBase"]
[SourceDate "2001.11.25"]
[SourceVersion "1"]
[SourceVersionDate "2001.11.25"]
[SourceQuality "1"]

1. e4 c5 2. Nf3 Nc6 3. d4 cxd4 4. Nxd4 g6 5. Nc3 Bg7 6. Be3 d6 7. Qd2 Bd7 8. f3 a6 9. 0-0-0 Rc8 10. Kb1 b5 11. g4 h5 12. g5 Ne5 13. Nd5 e6 14. Nf5 exd5 15. Nxd6+ Kf8 16. Nxc8 Bxc8 17. Qxd5 Qxd5 18. Rxd5 Nc6 19. Be2 Nge7 20. Rd2 f5 21. c4 b4 22. c5 fxe4 23. fxe4 Be5 24. Rf1+ Kg7 25. Bc4 Rf8 26. Rdf2 Rxf2 27. Rxf2 a5 28. Rf7+ Kh8 29. Bb5 Kg8 30. Rf2 Be6 31. Ba4 Kg7 32. Bb3 Bxb3 33. axb3 Nd4 34. Bxd4 Bxd4 35. Rc2 Nc6 36. Rc4 Kf7 37. Kc2 Be3 38. Kd3 Bf4 39. Rc2 Ne5+ 40. Kd4 Ke6 41. c6 Nf3+ 42. Kc5 Bc7 43. Rf2 Nxg5 44. Rg2 Kf6 45. Kd5 Nf7 46. Rf2+ Ke7 47. h3 1/2-1/2

[Event "GER-chT Seniors 09th"]
[Site "Halle"]
[Date "2000.08.23"]
[Round "4.4"]
[White "Randt, Karl Heinz"]
[Black "Kudoke, Willy"]
[Result "1-0"]
[WhiteElo "1840"]
[BlackElo "1880"]
[PlyCount "51"]
[EventDate "2000.08.20"]
[EventType "team"]
[EventRounds "7"]
[EventCountry "GER"]
[SourceTitle "EXT 2002"]
[Source "ChessBase"]
[SourceDate "2001.11.25"]
[SourceVersion "1"]
[SourceVersionDate "2001.11.25"]
[SourceQuality "1"]

1. e4 c5 2. Nf3 Nc6 3. d4 cxd4 4. Nxd4 g6 5. Nc3 Bg7 6. Be3 d6 7. Bc4 Nf6 8. f3 0-0 9. Qd2 Bd7 10. 0-0-0 a6 11. g4 Rc8 12. Bb3 Ne5 13. h4 Nc4 14. Bxc4 Rxc4 15. h5 Qa5 16. Nb3 Qd8 17. Bh6 Rxc3 18. bxc3 Qc7 19. Bxg7 Kxg7 20. hxg6 fxg6 21. Qh6+ Kg8 22. g5 Nh5 23. Rxh5 gxh5 24. g6 hxg6 25. Qxg6+ Kh8 26. Rh1 1-0